Normal view
MARC view
- Villoro, Juan,
Entry Nombre Personal
001 - NUMERO DE CONTROL
- campo de control: 30716
003 - IDENTIFICADOR DE NUMERO DE CONTROL
- campo de control: MX-MxUPN
005 - FECHA Y HORA DE LA ÜLTIMA TRANSACCIÓN
- campo de control: 20240809163952.0
008 - DATOS DE LONGITUD FIJA
- campo de control de longitud fija: 210917ng acannaaan a aaa |d
035 ## - NUMERO DE CONTROL
- Número de control: UPN11000002822
040 ## - FUENTE DE CATALOGACIÓN
- Lenguaje de catalogación: spa
- Agencia de transcripción: DLC
- Agencia original de catalogación: DLC
- Agencia que lo modifica: MX-MxUPN
- Agencia que lo modifica: OCoLC
- Agencia que lo modifica: UPB
- Agencia que lo modifica: InU
- Agencia que lo modifica: GVaS
046 ## - FECHAS CON CODIFICACIÓN ESPECIAL
- Fecha de nacimiento: 19560924
053 #4 - NÚMERO DE CLASIFICACIÓN LC
- Número de clasificación elemento-número único o número inicial de tramo: PQ7297 V53
100 1# - ENCABEZAMIENTO - NOMBRE PERSONAL
- Nombre personal: Villoro, Juan,
- Fechas asociadas con el nombre: 1956-
370 ## - LUGAR ASOCIADO
- Fuente del término: $naf
- Place of birth: Ciudad de México (México)
372 ## - CAMPO DE ACTIVIDAD
- Field of activity: Novelista
- Field of activity: Escritor
- Field of activity: Dramaturgo
670 ## - FUENTE EN LA QUE SE LOCALIZARON DATOS
- Cita de la fuente: LC, 09 agosto 2024 :
- Información localizada: (Villoro, Juan, 1956- )
- Uniform Resource Identifier: https://lccn.loc.gov/n86849320
680 ## - NOTA PUBLICA DE ACCESO PÚBLICO
- Encabezamiento o subdivisión: Escritor y periodista mexicano
902 ## - CATALOGADOR
- Catalogador: CAA/260111
- Catalogador: MaríaRobles/090824
